00826nam a2200253 a 450000100060000000300080000600500170001400800410003103500200007204000270009204100080011908200220012710000330014924501240018226000290030630000170033550000450035250400510039750500120044865000110046070000470047170000360051870000180055440863BD-RjUL20211209053304.0160511s1967 ilu b 001 0 eng d a(BD-RjUL) 40978 aCOFcCOFbengdBD-RjUL1 aeng 223a297bGOM 19671 aGoldziher, Ignazd1850-1921.10aMuslim studies /cIgnaz Goldziher ; edited by S. M. Stern ; translated from the German by C. R. Barber and S. M. Stern. aChicago :bAldine,c1967 av. ;c23 cm. aTranslation of: Muhammedanische Studien. aIncludes bibliographical references and index.0 av. 1--- 0aIslam.1 aStern, S. M.q(Samuel Miklos),d1920-1969.1 aBarber, C. R.q(Christa Renate)1 aStern, S. M.